Match XI NO.6 - Statistics

General Stats
  • This quiz has been taken 5 times
  • The average score is 11 of 24
Answer Stats
Position Villareal % Correct
ST Alexander Sorloth
100%
AM Antoine Griezmann
100%
CM Dani Parejo
100%
MNGR Diego Simeone
100%
ST Gerard Moreno
100%
GK Jan Oblak
100%
RM Marcos Llorente
100%
CB Axel WItsel
50%
CM/DM Koke
50%
CM/DM Pablo Barrios
50%
CB Raul Albiol
50%
CB Robin Le Normand
50%
AM Samuel Lino
50%
RM Yeremy Pino
50%
LM Alex Baena
0%
ST Arnaut Danjuma
0%
CB Cesar Azpilicueta
0%
GK Diego Conde
0%
CB Eric Bailly
0%
RB Kiko Femenia
0%
LM Reinildo Mandava
0%
MNGR Ruben Uria Corral
0%
CM Santi Comesana
0%
LB Sergi Cardona
0%
No matching quizzes found
Score Distribution
Percent of People with Each Score
Percentile by Number Answered
Your Score History
You have not taken this quiz